Statistics for Ultimate MLP Cutie Mark Quiz

Click here to take the quiz!

General Stats

  • This quiz has been taken 96 times
  • The average score is 26 of 50

Answer Stats

Answer% Correct
Celestia
97%
Rainbow Dash
97%
Twilight Sparkle
96%
Fluttershy
95%
Rarity
94%
Luna
92%
Applejack
91%
Pinkie Pie
90%
Starlight Glimmer
90%
Big Mac
87%
Applebloom
81%
Cadence
79%
Shining Armor
78%
Sweetie Belle
78%
Scootaloo
73%
Sunset Shimmer
69%
Trixie
66%
Diamond Tiara
64%
Lyra Heartstrings
62%
Granny Smith
61%
Mrs. Cake
60%
Silver Spoon
60%
Zecora
58%
Snips
56%
Snails
55%
Bon Bon
52%
Cheese Sandwich
52%
Derpy Hooves
45%
Mr. Cake
43%
Sunburst
39%
Cheerilee
36%
Filthy Rich
35%
Mayor Mare
32%
Daring Do
27%
Sandbar
26%
Nurse Redheart
25%
Bulk Biceps
23%
Cherry Jubilee
23%
Mudbriar
18%
Dr. Caballeron
17%
Sugar Belle
17%
Vinyl Scratch
17%
Double Diamond
16%
Soarin
13%
Troubleshoes
13%
Rockhoof
12%
Thunderlane
12%
Luster Dawn
10%
Night Light
10%
Quibble Pants
10%

Score Distribution

Percentile by Number Answered

Percent of People with Each Score

Your Score History

You have not taken this quiz